| 000 | 00453nam a2200169Ia 4500 | ||
|---|---|---|---|
| 003 | GCL | ||
| 008 | 140319s9999 xx 000 0 eng d | ||
| 040 |
_aGCL / _cGCL |
||
| 082 | 0 | 4 |
_a443.23 _bR D |
| 100 | 1 | _aREGLES, ORTHOGRAPHE | |
| 245 | 1 | 0 |
_aDICTIONNAIRE DE LA LANGUE FRANCAISE 40000 MOTS / _cREGLES, ORTHOGRAPHE |
| 260 |
_a[S.N] : _bHACHETTE ، _c1994 |
||
| 300 | _a1266 P | ||
| 650 | 0 | 4 | _aFRENCH LANGUAGE |
| 650 | 0 | 4 | _aLANGUAGES |
| 942 |
_2ddc _cBK |
||
| 999 |
_c22695 _d22695 |
||